| 000 | 01136cam a2200337 a 4500 | ||
|---|---|---|---|
| 001 | 4380373 | ||
| 003 | SEKU | ||
| 005 | 20160127163222.0 | ||
| 008 | 911016s1992 nyu 000 1 eng | ||
| 010 | _a 91040963 | ||
| 020 |
_a0312069278 : _c$21.95 |
||
| 040 |
_aDLC _cDLC _dOCoLC _dDLC |
||
| 043 | _an-us-ny | ||
| 050 | 0 | 0 |
_aPS3560.A35C _bc 1992 |
| 082 | 0 | 0 |
_a813/.54 _220 |
| 100 | 1 |
_aJahn, Mike, _d1943- |
|
| 245 | 1 | 0 |
_aCity of God / _cMichael Jahn. |
| 250 | _a1st ed. | ||
| 260 |
_aNew York : _bSt. Martin's Press, _c1992. |
||
| 300 |
_aviii, 280 p. ; _c22 cm. |
||
| 500 | _a"A Thomas Dunne book." | ||
| 610 | 2 | 0 |
_aCathedral of St. John the Divine (New York, N.Y.) _xFiction. |
| 650 | 0 |
_aDonovan, Bill (Fictitious character) _xFiction. |
|
| 650 | 0 |
_aCathedrals _xFiction. |
|
| 650 | 0 |
_aPolice _zNew York (State) _zNew York _xFiction. |
|
| 651 | 0 |
_aNew York (N.Y.) _xFiction. |
|
| 655 | 7 |
_aDetective and mystery stories. _2gsafd |
|
| 906 |
_a7 _bcbc _corignew _d1 _eocip _f19 _gy-gencatlg |
||
| 942 |
_2lcc _cGEN |
||
| 999 |
_c10091 _d10091 |
||